| 000 | 00373cam a2200157ua 4500 | ||
|---|---|---|---|
| 003 | OSt | ||
| 008 | 250802b |||||||| |||| 00| 0 eng d | ||
| 041 | _aeng | ||
| 082 |
_a624.2 _bKRI/IN |
||
| 100 |
_aKrishnamurthy, N . _97651 |
||
| 245 | _aIntroduction to bridges / | ||
| 250 | _a2 / | ||
| 260 |
_aMysore : _bRao & Raghavan , _c1963. |
||
| 300 | _a482 ; . | ||
| 942 | _cBK | ||
| 999 |
_c2572 _d2572 |
||